Score 0/18 Timer 01:30
0 Plays Today
Hint Missing Word % Correct
Mariah ________Carey
94.7%
Cyndi ________Lauper
92.4%
________ MidlerBette
89.9%
_______ at WorkMen
88.7%
Hootie & the ________Blowfish
86.7%
________, Stills & NashCrosby
84.9%
_______ 5Maroon
80%
Carrie ________Underwood
79.8%
Carly ________Simon
77.9%
Hint Missing Word % Correct
_______ ClubCulture
68.6%
_______ DevelopmentArrested
68.2%
______ ChapmanTracy
56.9%
Toni ________Braxton
53.9%
Natalie ________Cole
37.6%
________ CrossChristopher
36.2%
_______ HillLauryn
34%
________ Vocal BandStarland
21.6%
______ LynneShelby
9.9%

Today's Daily Dose

Missing Word
I Hardly Know Her!

Word Ladder
Sentence Ending

Quick Pick
Female Firsts

Get the Picture
Triathlon Sports

Remove Ads.
Support Sporcle.
Get the best of Sporcle when you Go Orange. This ad-free experience offers more features, more stats, and more fun while also helping to support Sporcle. Thank you for becoming a member.

You're not logged in!

Compare scores with friends on all Sporcle quizzes.
OR
Log In

Show Comments

Extras

Top Quizzes Today


Score Distribution

Your Account Isn't Verified!

In order to create a playlist on Sporcle, you need to verify the email address you used during registration. Go to your Sporcle Settings to finish the process.

Report this User

Report this user for behavior that violates our Community Guidelines.

Details: